007320000a22002050004500003001100000005001700011008004100028020001500069040003900084041000800123082001500131100002300146245010300169260004300272300003400315490006400349650003000413650004200443650004100485LK-CoMWRAF20231027132855.0230817t1998 ||||| |||| 00| 0 eng d a9053836063 aLK-CoMWRAFdLK-CoMWRAFeLK-CoMWRAF aeng a330.9bABE aAbeyratne, Sirimal aEconomic change and political conflict in developing countries with special reference to Sri Lanka aAmsterdam:bVU University Press,c1998 axviii, 243 p. : ill. ; 24 cm. aSri Lanka studies in the humanities and the social sciences aSOCIAL CONFLICT-Sri Lanka aSocial conflict--Developing countries aEconomic policy-Developing countries